| 000 | 00523cam a2200181 a 4500 | ||
|---|---|---|---|
| 001 | 000018971 | ||
| 005 | 20200929165906.0 | ||
| 008 | 100521q1990 mx 000 0 spa d | ||
| 040 |
_aDO-SdBNP _bspa _cBNPHU |
||
| 082 |
_a262.1 _bP896f |
||
| 100 | 1 |
_aPrado Flores, José H. _910971 |
|
| 245 | 1 | 0 |
_aFormción de líderes / _cJosé H. Prado Flores. |
| 260 |
_aMéxico : _bKerygma, _c[1990?]. |
||
| 300 |
_a96 p. ; _c17 cm. |
||
| 650 | 4 |
_aLiderazgo cristiano _940815 |
|
| 650 | 4 |
_aLiderazgo en la biblia _940816 |
|
| 049 | _aBNGR | ||
| 999 |
_c18489 _d18489 |
||